=LDR 00000nam 2200000 4500 =001 INLIS000000000040409 =005 20130612145957 =008 ***********************************ind** =035 ##$$a0010-061300000040409 =041 ##$$a ind =082 ##$$a 813 =090 ##$$a 813, Mor b =100 ##$$a MORGAN, Sarah =245 ##$$a Buah hati sang dokter, Sarah morgan;Alih bahasa, Lingliana =260 ##$$a 2009 $b jakarta =300 ##$$a 239 hlm, 22 cm =650 ##$$a FIKSI DEWASA =700 ##$$a LINGLIANA =850 ##$$a NBPNMAT =990 ##$$a 90858/BPAP-NTB/2014